| Поле | Инд. | ПП | Название | Значение |
|---|---|---|---|---|
| Тип записи | a | |||
| Библиографический уровень | b | |||
| 001 | Контрольный номер | RU/IS/BASE/103813126 | ||
| 005 | Дата корректировки | 20200529173517.3 | ||
| 084 | a | Индекс другой классификации/Индекс ББК | 60.023 | |
| a | Индекс другой классификации/Индекс ББК | 60.032.6 | ||
| 100 | 1_ | a | Автор | Жолдасбеков М. Ж. |
| q | Полное имя | Жолдасбеков Мырзытай Жолдасбекович | ||
| 100 | 1_ | a | Автор | Шалахметов Г. М. |
| q | Полное имя | Шалахметов Гадильбек Минажиевич | ||
| 100 | 1_ | a | Автор | Аубакир Д. А. |
| q | Полное имя | Аубакир Дауренбек Азенулы | ||
| 245 | a | Заглавие | Философия информационной цивилизации и глобальная концепция устойчивого развития | |
| 504 | a | Библиография | Библиогр. ссылки. - Примеч. | |
| 520 | a | Аннотация | Диалектизация и информациологизация концепции устойчивого развития. Информационное мировоззрение как основа нового витка цивилизации | |
| 650 | a | Основная рубрика | социальная философия | |
| a | Основная рубрика | философия | ||
| a | Основная рубрика | философия истории | ||
| 653 | a | Ключевые слова | глобальное развитие | |
| a | Ключевые слова | глобальное устойчивое развитие | ||
| a | Ключевые слова | гносеокультура | ||
| a | Ключевые слова | диалектический метод | ||
| a | Ключевые слова | естественная информация | ||
| a | Ключевые слова | информатизация общества | ||
| a | Ключевые слова | информационное мировоззрение | ||
| a | Ключевые слова | информационное общество | ||
| a | Ключевые слова | информация | ||
| a | Ключевые слова | информсинтез | ||
| a | Ключевые слова | искусственная информация | ||
| a | Ключевые слова | концепция устойчивого развития | ||
| a | Ключевые слова | междисциплинарное взаимодействие | ||
| a | Ключевые слова | мировоззрение | ||
| a | Ключевые слова | ноосфера | ||
| a | Ключевые слова | устойчивое развитие | ||
| a | Ключевые слова | цивилизации | ||
| 773 | t | Заглавие источника | Устойчивое развитие. Наука и практика | |
| d | Дата издания источника | 2002 | ||
| g | Прочая информация | № 1. - С. 57 - 66 : рис. | ||
| w | Контрольный № источника | RU/IS/BASE/109089911 | ||
| 901 | t | Тип документа | b |